[Event "Araraquara op"]
[Site "Araraquara"]
[Date "2023.02.21"]
[Round "6.28"]
[White "Coelho, Andre Rosenbaum"]
[Black "Rodrigues, Joao Victor da Silv"]
[Result "0-1"]
[WhiteElo "1800"]
[BlackElo "1809"]
[PlyCount "86"]
[EventDate "2023.02.19"]
[EventType "swiss"]
[EventRounds "6"]
[EventCountry "BRA"]
[SourceTitle "CBM 213 Extra"]
[Source "ChessBase"]
[SourceDate "2023.05.31"]
[SourceVersion "1"]
[SourceVersionDate "2023.05.31"]
[SourceQuality "1"]

1. e4 c5 2. c3 Nf6 3. e5 Nd5 4. Nf3 e6 5. d4 cxd4 6. cxd4 Nc6 7. Bc4 d6 8. 0-0 Be7 9. Qe2 0-0 10. Qe4 Nb6 11. Bd3 g6 12. Bh6 Re8 13. a3 dxe5 14. dxe5 Qd5 15. Nc3 Qxe4 16. Nxe4 Rd8 17. Rad1 Nd5 18. g4 Bf8 19. Bxf8 Kxf8 20. Bb5 Bd7 21. Nd6 Rab8 22. Rfe1 h6 23. h4 Kg7 24. Bc4 Nce7 25. Nd2 b5 26. Ba2 b4 27. N2e4 bxa3 28. bxa3 Rb2 29. Bxd5 Nxd5 30. Rd3 Rdb8 31. Rf3 Be8 32. Nxe8+ Rxe8 33. Nd6 Re7 34. Rc1 Re2 35. Rc8 Rxe5 36. Ne8+ Kh7 37. Nd6 f5 38. h5 f4 39. hxg6+ Kxg6 40. Rh3 Nf6 41. f3 Rd7 42. Ne8 Re2 43. Kf1 Red2 0-1

[Event "Araraquara op"]
[Site "Araraquara"]
[Date "2023.02.20"]
[Round "4.38"]
[White "Bonvini, Adriana Tonhati"]
[Black "Coelho, Andre Rosenbaum"]
[Result "0-1"]
[WhiteElo "1595"]
[BlackElo "1800"]
[PlyCount "44"]
[EventDate "2023.02.19"]
[EventType "swiss"]
[EventRounds "6"]
[EventCountry "BRA"]
[SourceTitle "CBM 213 Extra"]
[Source "ChessBase"]
[SourceDate "2023.05.31"]
[SourceVersion "1"]
[SourceVersionDate "2023.05.31"]
[SourceQuality "1"]

1. e4 c5 2. Nf3 Nc6 3. c3 d5 4. exd5 Qxd5 5. Be2 e5 6. d3 Nf6 7. 0-0 Be7 8. h3 0-0 9. Nbd2 Bf5 10. Nc4 Bd7 11. Ne3 Qd6 12. Qc2 b5 13. a3 Rac8 14. Rd1 a5 15. Bd2 a4 16. Ng5 Rb8 17. Be1 Nd5 18. Ne4 Nxe3 19. fxe3 Qg6 20. Ng3 Bh4 21. Bh5 Qg5 22. Bg4 f5 0-1